[Event "Duncan Lawrie World Mixed Challenge"]
[Site "London"]
[Date "1988.10.29"]
[Round "8"]
[White "Dunnington, Angus J"]
[Black "Arkell, Keith C"]
[Result "1/2-1/2"]
[WhiteElo "2280"]
[BlackElo "2430"]
[PlyCount "163"]
[EventDate "1988.10.22"]
[EventType "tourn"]
[EventRounds "9"]
[EventCountry "ENG"]
[EventCategory "4"]
[SourceTitle "BritBase"]
[Source "John Saunders"]
[SourceDate "2022.12.30"]
[SourceVersion "1"]
[SourceVersionDate "2022.12.30"]
[SourceQuality "1"]

1. g3 d5 2. Bg2 c6 3. d3 Bg4 4. Nf3 Nd7 5. O-O e6 6. h3 Bh5 7. e4 Bd6 8. Nc3
Ne7 9. Be3 O-O 10. Ne2 e5 11. g4 Bg6 12. Nh4 Bc5 13. Nxg6 hxg6 14. Bxc5 Nxc5
15. exd5 Nxd5 16. d4 exd4 17. Qxd4 Ne6 18. Qa4 Qf6 19. Qb3 b6 20. Rad1 Ndf4 21.
Nxf4 Nxf4 22. Qf3 g5 23. c3 Rad8 24. Kh1 Rxd1 25. Rxd1 Rd8 26. Rxd8+ Qxd8 27.
h4 c5 28. hxg5 Qxg5 29. Bf1 g6 30. Qa8+ Kg7 31. Qxa7 Qh4+ 32. Kg1 Qxg4+ 33. Kh2
Qh4+ 34. Kg1 Qg5+ 35. Kh1 b5 36. Qb6 c4 37. Qe3 Qf5 38. b3 Ne6 39. bxc4 bxc4
40. Kg1 Qg4+ 41. Qg3 Qe4 42. a4 Qd5 43. Qg4 Ng5 44. Bg2 Qc5 45. a5 Qxa5 46.
Qxc4 Qa1+ 47. Kh2 Qb2 48. Qd4+ f6 49. Qe3 Nf7 50. Qf3 Qc2 51. Qg3 Ne5 52. Bd5
Nd3 53. Be4 Qxf2+ 54. Qxf2 Nxf2 55. Bc2 Ng4+ 56. Kg3 Ne5 57. Kf4 Kf7 58. Bb3+
Ke7 59. Ke4 Kd6 60. Bd1 Nd7 61. Bc2 Nb6 62. Bb3 Nc8 63. Bf7 g5 64. Kf5 Ke7 65.
Bd5 Nb6 66. Bg8 Nd7 67. Bd5 Nc5 68. c4 Nb3 69. Bb7 Nd4+ 70. Ke4 Ne6 71. Kf5 Nc7
72. Bc8 Ne8 73. c5 Ng7+ 74. Ke4 Ne6 75. c6 Nc7 76. Bg4 Kd6 77. Kf5 Ne8 78. c7
Kxc7 79. Ke6 Kc6 80. Bh5 Kc5 81. Bxe8 g4 82. Bh5 1/2-1/2

[Event "Duncan Lawrie World Mixed Challenge"]
[Site "London"]
[Date "1988.10.29"]
[Round "8"]
[White "Hennigan, Michael"]
[Black "Westerinen, Heikki MJ"]
[Result "1-0"]
[WhiteElo "2295"]
[BlackElo "2395"]
[PlyCount "103"]
[EventDate "1988.10.22"]
[EventType "tourn"]
[EventRounds "9"]
[EventCountry "ENG"]
[EventCategory "4"]
[SourceTitle "BritBase"]
[Source "John Saunders"]
[SourceDate "2022.12.30"]
[SourceVersion "1"]
[SourceVersionDate "2022.12.30"]
[SourceQuality "1"]

1. e4 e5 2. Nf3 Nc6 3. Bb5 a6 4. Ba4 Nf6 5. O-O Be7 6. Re1 b5 7. Bb3 d6 8. c3
O-O 9. h3 Na5 10. Bc2 c5 11. d4 Nc6 12. d5 Na7 13. Nbd2 c4 14. Nf1 Qc7 15. g4
h5 16. N3h2 hxg4 17. hxg4 Nh7 18. Ng3 Bg5 19. Bxg5 Nxg5 20. Kg2 g6 21. Qd2 f6
22. Rh1 Qe7 23. a4 Rb8 24. axb5 Rxb5 25. Ra2 Rf7 26. Qe2 Rc5 27. Raa1 Rh7 28.
Qe3 Rb5 29. Rab1 Qb7 30. Nf3 Qb6 31. Qxb6 Rxb6 32. Rxh7 Nxh7 33. Nd2 Bxg4 34.
Nxc4 Rb8 35. f3 Bd7 36. Nxd6 Ng5 37. Nc4 Nh3 38. Ra1 Nf4+ 39. Kf2 Bb5 40. Nd2
Bd3 41. Bxd3 Rxb2 42. Be2 Rxd2 43. Rxa6 Nb5 44. Ke3 Rb2 45. Bxb5 Rxb5 46. Ne2
Ng2+ 47. Kf2 Rb2 48. Kxg2 Rxe2+ 49. Kf1 Re3 50. Kf2 Rxc3 51. Rxf6 Kg7 52. Re6
1-0

[Event "Duncan Lawrie World Mixed Challenge"]
[Site "London"]
[Date "1988.10.29"]
[Round "8"]
[White "Lalic, Susan Kathryn"]
[Black "Jackson, Sheila"]
[Result "1-0"]
[WhiteElo "2355"]
[BlackElo "2245"]
[PlyCount "89"]
[EventDate "1988.10.22"]
[EventType "tourn"]
[EventRounds "9"]
[EventCountry "ENG"]
[EventCategory "4"]
[SourceTitle "BritBase"]
[Source "John Saunders"]
[SourceDate "2022.12.30"]
[SourceVersion "1"]
[SourceVersionDate "2022.12.30"]
[SourceQuality "1"]

1. b4 e5 2. Bb2 d6 3. c4 Nf6 4. g3 g6 5. Bg2 Bg7 6. d3 O-O 7. Nc3 Re8 8. e3 c6
9. a4 d5 10. cxd5 Nxd5 11. Nxd5 cxd5 12. Ne2 Nc6 13. b5 Ne7 14. O-O Be6 15. d4
e4 16. Nf4 Nf5 17. Qb3 Rc8 18. Rac1 Qd7 19. Ba3 b6 20. Bb4 Bf8 21. Bxf8 Rxf8
22. h4 h5 23. Kh2 Ne7 24. f3 Bf5 25. fxe4 dxe4 26. Rcd1 Qd6 27. Rd2 Rfd8 28.
Rdf2 Rf8 29. Nxh5 gxh5 30. Rxf5 Nxf5 31. Rxf5 Kg7 32. Rg5+ Kf6 33. Bxe4 Rc1 34.
Qb2 Rfc8 35. Qf2+ Ke7 36. Re5+ Kf8 37. Qf4 Rd8 38. Bc6 Rc2+ 39. Kh3 Qg6 40. Bf3
Ra2 41. Bxh5 Qh7 42. Rf5 Rd7 43. Qb8+ Kg7 44. Rg5+ Kf6 45. Qe5# 1-0

[Event "Duncan Lawrie World Mixed Challenge"]
[Site "London"]
[Date "1988.10.30"]
[Round "9"]
[White "Westerinen, Heikki MJ"]
[Black "Lalic, Susan Kathryn"]
[Result "1-0"]
[WhiteElo "2395"]
[BlackElo "2355"]
[PlyCount "49"]
[EventDate "1988.10.22"]
[EventType "tourn"]
[EventRounds "9"]
[EventCountry "ENG"]
[EventCategory "4"]
[SourceTitle "BritBase"]
[Source "John Saunders"]
[SourceDate "2022.12.30"]
[SourceVersion "1"]
[SourceVersionDate "2022.12.30"]
[SourceQuality "1"]

1. e4 c6 2. d4 d5 3. Nd2 dxe4 4. Nxe4 Nd7 5. c3 Ngf6 6. Nxf6+ Nxf6 7. Bc4 b5 8.
Be2 Bb7 9. a4 a6 10. Nf3 e6 11. Bf4 b4 12. a5 c5 13. Ne5 Nd7 14. Qa4 bxc3 15.
bxc3 cxd4 16. O-O g5 17. Bh5 gxf4 18. Nxf7 Qc7 19. Nxh8+ Ke7 20. Qxd4 Ne5 21.
Rfe1 Bg7 22. Qb4+ Kd8 23. Rxe5 Bxe5 24. Nf7+ Kd7 25. Nxe5+ 1-0